Zlepšovanie procesov prostredníctvom SIX SIGMA metodiky diplomová práca

Na minha lista:
Detalhes bibliográficos
Autor principal: Baluška, Róbert
Autor Corporativo: Fakulta podnikového manažmentu EU. Katedra manažmentu výroby a logistiky - zrušená
Outros Autores: Džubáková, Martina
Formato: Livro
Idioma:eslovaco
Publicado em: Bratislava 2014
Tags: Adicionar Tag
Sem tags, seja o primeiro a adicionar uma tag!

MARC

LEADER 00000nbm a2200000 4500
001 0187814
005 20170201091244.8
041 0 |a slo 
044 |a SK 
245 1 0 |a Zlepšovanie procesov prostredníctvom SIX SIGMA metodiky  |b diplomová práca  |c Róbert Baluška ; školiteľ: Martina Džubáková 
264 1 |a Bratislava  |c 2014 
300 |a 74 s. 
100 1 |a Baluška, Róbert 
700 1 |a Džubáková, Martina 
710 2 |a Fakulta podnikového manažmentu EU. Katedra manažmentu výroby a logistiky - zrušená